Pecado y expiación (Record no. 160520)

MARC details
000 -LEADER
campo de control de longitud fija 01179nam a22002175i 4500
001 - NÚMERO DE CONTROL
campo de control 160520
003 - IDENTIFICADOR DE NÚMERO DE CONTROL
campo de control ES-MaACL
005 - FECHA Y HORA DE LA ÚLTIMA TRANSACCIÓN
campo de control 20250824063236.0
008 - DATOS DE LONGITUD FIJA--INFORMACIÓN GENERAL
campo de control de longitud fija 010521s1847 sp |||| | spa d
040 ## - FUENTE DE CATALOGACIÓN
Centro catalogador/agencia de origen CAM
Lengua de catalogación spa
Centro/agencia transcriptor CAM
100 1# - ENTRADA PRINCIPAL--NOMBRE DE PERSONA
Nombre de persona Navarrete, Ramón de,
Fechas asociadas al nombre 1818-1897
9 (RLIN) 85042
245 10 - MENCIÓN DEL TÍTULO
Título Pecado y expiación
Resto del título : comedia original, en tres actos y en verso /
Mención de responsabilidad, etc. por Ramón de Navarrete.
260 ## - PUBLICACIÓN, DISTRIBUCIÓN, ETC.
Lugar de publicación, distribución, etc. Madrid :
Nombre del editor, distribuidor, etc. [Circulo Literario Comercial],
Fecha de publicación, distribución, etc. 1847 (
Fabricante Imprenta de J. González y A. Vicente)
300 ## - DESCRIPCIÓN FÍSICA
Extensión 96 p. ;
Dimensiones 17 cm.
490 1# - MENCIÓN DE SERIE
Mención de serie La España dramática : colección de obras representadas con aplauso en los teatros de la Corte
500 ## - NOTA GENERAL
Nota general En port.: Estrenada en el Teatro del Príncipe el 22 de noviembre de 1847.
596 ## - NOTA AL PIE DE IMPRENTA
NOTA AL PIE DE IMPRENTA Ed. y serie tomados de la cub.
830 03 - PUNTO DE ACCESO ADICIONAL DE SERIE-TÍTULO UNIFORME
Título uniforme La España dramática: colección de obras representadas con aplauso en los teatros de la corte
9 (RLIN) 187776
852 ## - LOCALIZACIÓN
Ubicación ES-MaACL
Número de control de estantería F-8621(9)
Nota libre -- Enc. pasta española
-- -- Dedicatoria ms. del autor a Luis José Sartorius
condición física -- Falto de la cub. original
Nota libre -- Enc. en un vol. facticio formando parte de la col. facticia "Teatro español moderno", vol. 76
Holdings
Estatus retirado Estado de pérdida Estado de daño No para préstamo Colección Biblioteca de origen Biblioteca actual Ubicación en estantería Fecha de adquisición Total de préstamos Signatura topográfica completa Código de barras Visto por última vez Precio de reemplazo Tipo de ítem Koha
        Libros del s. XIX Biblioteca del Ateneo de Madrid Biblioteca del Ateneo de Madrid Sala Pecera Planta 2 17/01/2008   F-8621(9) 1168075 23/02/2023 23/02/2023 Libro impreso antiguo